Management : (Record no. 347722)
[ view plain ]
| 000 -LEADER | |
|---|---|
| fixed length control field | 00959 a2200169 4500 |
| 020 ## - INTERNATIONAL STANDARD BOOK NUMBER | |
| International Standard Book Number | 007069172X (paperback) |
| 020 ## - INTERNATIONAL STANDARD BOOK NUMBER | |
| International Standard Book Number | 9780070691728 (paperback) |
| 090 ## - LOCALLY ASSIGNED LC-TYPE CALL NUMBER (OCLC); LOCAL CALL NUMBER (RLIN) | |
| -- | 5309 |
| -- | 5309 |
| 100 1# - MAIN ENTRY--PERSONAL NAME | |
| Personal name | Weihrich. |
| 245 10 - TITLE STATEMENT | |
| Title | Management : |
| Remainder of title | a global perspective : |
| -- | test bank / |
| Statement of responsibility, etc. | Weihrich. |
| 250 ## - EDITION STATEMENT | |
| Edition statement | 10th edition ed. |
| 260 ## - PUBLICATION, DISTRIBUTION, ETC. | |
| Place of publication, distribution, etc. | [S.l.] : |
| Name of publisher, distributor, etc. | McGraw Hill Higher Education, |
| Date of publication, distribution, etc. | 1993. |
| 300 ## - PHYSICAL DESCRIPTION | |
| Extent | 201 p. |
| 520 ## - SUMMARY, ETC. | |
| Summary, etc. | A revision of one of the classic management textbooks, the Tenth Edition features a new pronounced emphasis on global management. The research and examples have been thoroughly updated to reflect he most current developments in the field. MANAGEMENT continues to offer a five-functions approach, an integrative systems model, and a wealth of provocative cases, including a new part-ending case on the global automotive industry. |
| 856 40 - ELECTRONIC LOCATION AND ACCESS | |
| Materials specified | Amazon.com |
| Uniform Resource Identifier | <a href="http://www.amazon.com/exec/obidos/ASIN/007069172X/chopaconline-20">http://www.amazon.com/exec/obidos/ASIN/007069172X/chopaconline-20</a> |
| 942 ## - ADDED ENTRY ELEMENTS (KOHA) | |
| Institution code [OBSOLETE] | NBS |
| Koha item type | Book |
| Call number prefix | 658 WEI |
| Withdrawn status | Lost status | Damaged status | Not for loan | Permanent Location | Current Location | Date acquired | Total Checkouts | Full call number | Barcode | Date last seen | Price effective from | Koha item type |
|---|---|---|---|---|---|---|---|---|---|---|---|---|
| Central Library (CL) | Central Library (CL) | 08/28/2013 | 658 WEI | NBS473 | 08/28/2013 | 08/28/2013 | Book |
